Health care management : where is it going? : report of the 1986 National Forum on Hospital and Health Affairs, held at Durham, North Carolina April 24-26, 1986 /

Saved in:
நூற்பட்டியல் விவரங்கள்
குழும எழுத்தாளர்கள்: National Forum on Hospital and Health Affairs Durham, N.C.), Duke Endowment., Duke University. Department of Health Administration.
மற்ற எழுத்தாளர்கள்: Jaeger, B. Jon.
வடிவம்: புத்தகம்
மொழி:English
வெளியீடப்பட்டது: Durham, N.C. : Department of Health Administration, Duke University, c1987.
பகுதிகள்:
குறியீடுகள்: குறிச்சொல் இணை
குறியீடுகள் இல்லை, இந்த குறிச்சொல்லை முதலில் பதிவு செய்யுங்கள்!
LEADER 02017nam a2200421Ia 4500
001 001022396-7
005 20160408191532.0
008 890328s1987 ncua b 10110 eng d
035 0 |a ocm19465946 
035 0 |a ocm19725187 
040 |a TMC  |c TMC  |d HMS 
043 |a n-us--- 
050 4 |a RA395.A3  |b N36 1986 
060 0 0 |a W 84 AA1  |b N11h 1986 
111 2 |a National Forum on Hospital and Health Affairs  |d (1986 :  |c Durham, N.C.) 
245 1 0 |a Health care management :  |b where is it going? : report of the 1986 National Forum on Hospital and Health Affairs, held at Durham, North Carolina April 24-26, 1986 /  |c sponsored by Duke University, Department of Health Administration and The Duke Endowment ; B. Jon Jaeger, editor. 
246 3 |a Report of the 1986 National Forum on Hospital and Health Affairs. 
260 0 |a Durham, N.C. :  |b Department of Health Administration, Duke University,  |c c1987. 
300 |a xiii, 103 p. :  |b ill. ;  |c 23 cm. 
504 |a Includes bibliographical references and index. 
650 2 |a Health Services Administration. 
650 2 |a Delivery of Health Care  |x trends. 
650 2 |a Delivery of Health Care  |x organization & administration. 
655 2 |a Congresses. 
651 2 |a United States. 
650 2 |a Delivery of Health Care  |x organization & administration 
650 0 |a Medical care  |z United States  |v Congresses. 
650 0 |a Medical policy  |z United States  |v Congresses. 
655 7 |a Conference proceedings.  |2 fast 
655 7 |a Conference papers and proceedings.  |2 fast 
655 7 |a Conference papers and proceedings.  |2 fast  |0 (OCoLC)fst01423772 
655 2 |a Congresses.  |0 https://id.nlm.nih.gov/mesh/D016423 
700 1 |a Jaeger, B. Jon. 
710 2 |a Duke Endowment. 
710 2 |a Duke University.  |b Department of Health Administration. 
776 0 8 |i Online version:  |a National Forum on Hospital and Health Affairs (1986 : Durham, N.C.).  |t Health care management, where is it going?  |d Durham, NC : The Dept., ©1987  |w (OCoLC)743256087 
988 |a 20020608 
906 |0 OCLC